|
|
|
|
| LEADER |
00771nam a2200277 4500 |
| 001 |
DLU120144241 |
| 005 |
##20121128 |
| 040 |
# |
# |
|a DLU
|b vie
|
| 041 |
# |
# |
|a vie
|
| 044 |
# |
# |
|a vn
|
| 100 |
# |
# |
|a Fet, Afanasy Afanasievich.
|
| 245 |
# |
# |
|a Chiều hè /
|c Afanasy Afanasievich Fet, Nguyệt Vũ dịch.
|
| 653 |
# |
# |
|a Hạnh phúc
|
| 653 |
# |
# |
|a Lạc quan
|
| 653 |
# |
# |
|a Tình yêu
|
| 700 |
# |
# |
|a Nguyệt Vũ,
|e Dịch.
|
| 773 |
# |
# |
|t Văn học nước ngoài
|g Số 9(93), 2010, tr. 124
|
| 920 |
# |
# |
|a Phòng Tạp chí -- Trung tâm Thông tin - Thư viện Trường Đại học Đà Lạt
|
| 994 |
# |
# |
|a DLU
|
| 900 |
# |
# |
|a True
|
| 911 |
# |
# |
|a Nguyễn Thị Linh Chi
|
| 925 |
# |
# |
|a G
|
| 926 |
# |
# |
|a A
|
| 927 |
# |
# |
|a BB
|
| 980 |
# |
# |
|a Thư viện Trường Đại học Đà Lạt
|